00697cam a2200217 i 4500001001000000003000900010005001700019007000300036008004100039040003000080041000800110082001900118100004400137245008600181264004900267300002800316336002700344337003300371338002800404586004700432000008867DO-SdBNP20260511134341.0ta250422s1989 cu 000 f spa d aDO-SdBNPbspacBNPHUerda hspa axxxbF363p2221 aFernández Pequeño, José M.eautor10aPeriplo santiaguero de Max Henríquez Ureña /cJosé M. Fernández Pequeño aSantiago de Cuba :bEdiciones Caseron,c1989 a57 páginas. ;c24 cm. ardacontentbtexto2txt ardamediabsin mediación2n ardacarrierbvolumen2nc aPremio ensayo José María Heredia, 1987